| 000 | 00608nam a2200193 i 4500 | ||
|---|---|---|---|
| 001 | 86747 | ||
| 003 | ES-MaACL | ||
| 007 | t| | ||
| 008 | 041215s1982 sp ||||1| spa d | ||
| 100 | 1 |
_aKavafis, Konstantinos. _967664 |
|
| 245 | 1 | 0 |
_aPoesía completa / _cC.P. Cavafis ; introducción, traducción y notas de Pedro Bádenas de la Peña. |
| 260 |
_a[Madrid] : _bAlianza, _c[1982] |
||
| 300 |
_a290 p. ; _c20 cm. |
||
| 490 | 1 |
_aAlianza tres ; _v93 |
|
| 700 | 1 |
_aBádenas de la Peña, Pedro. _924526 |
|
| 830 | 0 | 0 |
_aAlianza tres _v93 _9177344 |
| 852 |
_aES-MaACL _jL-3727 _bR.103685 |
||
| 999 |
_c86747 _d86747 |
||